000 00731nam a22002177a 4500
005 20140219102035.0
010 _aENG-108467
020 _a9878187780977
_c99.00
035 _aEN-92000
037 _bDBAD/PUB
082 _a915.45604532
245 _aRed Fort /
_cbased on the text of Y.D. Sharma
260 _aNew Delhi
_bArchaeological Survey of India
_c2009
270 _bNew Delhi
_aArchaeological Survey of India
300 _a96p. :
_bill. (chiefly col.), maps
_c25cm(pbk)
490 _aWorld heritage series
500 _a Includes bibliographical references (p. 95-96).
700 _aSharma, Y. D.,
_d1916-2002.
710 _aArchaeological Survey of India
942 _2ddc
_cEN
_mRED
_h915.45604532
999 _c79016
_d79016